Premières paroles - Jacques Brel - Statistiques

Statistiques générales
  • Ce quiz a été pris 279 fois
  • Le résultat moyen est 13 sur 20
Statistiques - réponses
Paroles Chanson % Correct
Ne me quitte pas... Ne me quitte pas
99%
Dans le port d'Amsterdam Y a des marins qui chantent Amsterdam
97%
Au premier temps de la valse La valse à mille temps
91%
T'as voulu voir Vierzon, et on a vu Vierzon Vesoul
88%
Quand on a que l'amour À s'offrir en partage Quand on a que l'amour
85%
Ce soir j`attends Madeleine J`ai apporté du lilas Madeleine
81%
D'abord... D'abord, y'a l'ainé Ces gens-là
79%
Les vieux ne parlent plus ou alors seulement parfois du bout des yeux Les vieux
75%
Avec la mer du NordPour dernier terrain vague Le plat pays
73%
Les Flamandes dansent sans rien dire Les Flamandes
71%
Ma mère voici le temps venu D'aller prier pour mon salut Mathilde
70%
Bien sûr, nous eûmes des orages La chanson des vieux amants
69%
Je viens rechercher mes bonbons Vois-tu, Germaine, j'ai eu trop mal Les bonbons
66%
Le coeur bien au chaud Les yeux dans la bière Les Bourgeois
66%
Jojo Voici donc quelques rires Jojo
64%
Tout nu dans ma serviette qui me servait de pagne Au suivant
48%
Adieu l'Emile, je t'aimais bien Le moribond
34%
La ville s'endormait J'en oublie le nom La ville s'endormait
26%
Elles sont notre premier ennemi Quand elles s'échappent en riant Les biches
20%
Ami, remplis mon verre Encore un et je vais L'ivrogne
15%
Aucun quiz correspondant
Distribution des résultats
% des personnes avec chaque résultat
Percentile par nombre de réponses
Votre historique - résultats
Vous n’avez pas pris ce quiz